Administrative Districts of Serbia Quiz - Statistics

General Stats
  • This quiz has been taken 3 times
  • The average score is 5 of 23
Answer Stats
District % Correct
Bor
67%
Jagodina
67%
Čačak
33%
Kikinda
33%
Kragujevac
33%
Kraljevo
33%
Kruševac
33%
Niš
33%
Novi Sad
33%
Pirot
33%
Sombor
33%
Valjevo
33%
Leskovac
0%
Pančevo
0%
Požarevac
0%
Prokuplje
0%
Šabac
0%
Smederevo
0%
Sremska Mitrovica
0%
Subotica
0%
Užice
0%
Vranje
0%
Zrenjanin
0%
No matching quizzes found
Score Distribution
Percent of People with Each Score
Percentile by Number Answered
Your Score History
You have not taken this quiz